A textbook of histology /

Bibliographic Details
Main Author: Fawcett, Don W. (Don Wayne), 1917-2009
Other Authors: Bloom, William, 1899-1972, Raviola, Elio, 1932-
Format: Book
Language:English
Published: New York : Chapman & Hall, [1994]
Edition:Twelfth edition.
Subjects:

MARC

Tag First Indicator Second Indicator Subfields
LEADER 00000cam a2200000 a 4500
001 in00004485921
005 20210818135139.0
008 930526s1994 nyua b 001 0 eng c
010 |a  93014568  
020 |a 0412046911 :  |c $89.00 
035 |a (OCoLC)28294089 
035 |9 AAG1275MS 
035 |z (UtOrBLW)19277 
035 |a 31558 
040 |a DNLM/DLC  |c DLC  |d NLM  |d IAC  |d TMV  |d UtOrBLW 
049 |a TMVM  |c 1  |c 2  
050 0 0 |a QM551  |b .F34 1994 
060 0 0 |a QS 504  |b F278b 1993 (P) 
069 0 |a 9309641 
082 0 0 |a 611/.018  |2 20 
096 |a QS 504  |b B655t 1994 
100 1 |a Fawcett, Don W.  |q (Don Wayne),  |d 1917-2009. 
245 1 2 |a A textbook of histology /  |c Don W. Fawcett. 
250 |a Twelfth edition. 
264 1 |a New York :  |b Chapman & Hall,  |c [1994] 
264 4 |c ©1994 
300 |a xx, 964 pages :  |b illustrations (some color) ;  |c 27 cm. 
336 |a text  |2 rdacontent  |b txt 
337 |a unmediated  |2 rdamedia 
338 |a volume  |2 rdacarrier  |b nc 
500 |a At head of title: Bloom and Fawcett. 
500 |a Revised edition of: A textbook of histology / Bloom and Fawcett. 11th edition 1986. 
504 |a Includes bibliographical references and index. 
505 0 |a Cell -- Epithelium -- Glands and secretion -- Blood -- Connective tissue -- Adipose tissue -- Cartilage -- Bone -- Bone marrow and blood cell formation -- Muscular tissue -- Nervous tissue -- Blood and lymph vascular systems -- Immune system -- Thymus -- Lymph nodes -- Spleen -- Hypophysis -- Thyroid gland -- Parathyroid glands -- Adrenal glands -- Pineal gland -- Skin -- Oral cavity and associated glands -- Teeth -- Esophagus and stomach -- Intestines -- Liver and gallbladder -- Pancreas -- Respiratory system -- Urinary system -- Male reproductive system -- Female reproductive system -- Mammary gland -- Eye -- Ear. 
590 |a c.1, copy plain  
590 |a c.2, copy plain  
650 2 |a Histology. 
700 1 |a Bloom, William,  |d 1899-1972. 
700 1 |a Raviola, Elio,  |d 1932- 
740 0 |a Bloom and Fawcett, a textbook of histology. 
999 |a MARS 
999 f f |s 58a4af93-1c51-330d-9670-60eefbf9de38  |i 5f9e0f68-01fc-382b-9e9b-d4abbb18bcb2  |t 0 
952 f f |p ric  |a Texas A&M University  |b Rellis Campus  |c Joint Library Facility  |d Remote Storage  |t 0  |e QS 504 B655t 1994  |h National Library of Medicine classification  |i unmediated -- volume  |m 3238901063080 
998 f f |a QS 504 B655t 1994  |t 0  |l Remote Storage